OECD employment outlook 2013

Saved in:
Bibliographic Details
Format: Book
Language:English
Published: Paris OECD 2013
Subjects:
Tags: Add Tag
No Tags, Be the first to tag this record!

MARC

LEADER 00000nam a2200000 4500
001 0176971
005 20240315121022.3
020 |a 978-92-64-20128-6 
022 |a 1013-0241 
041 0 |a eng 
044 |a FR 
245 1 0 |a OECD employment outlook  |b 2013 
264 1 |a Paris  |b OECD  |c 2013 
300 |a 263 s. 
610 2 0 |a zamestnanosť 
610 2 0 |a nezamestnanosť 
610 2 0 |a trh práce 
610 2 0 |a politika zamestnanosti 
610 2 0 |a údaje štatistické medzinárodné 
610 2 0 |a porovnanie medzinárodné